| 000 | 00934nam a2200253 i 4500 | ||
|---|---|---|---|
| 001 | 000016223 | ||
| 003 | DO-SdBNP | ||
| 005 | 20230713152940.0 | ||
| 007 | ta | ||
| 008 | 100301s1947 dr 000 0 spa d | ||
| 040 |
_aDO-SdBNP _bspa _cBNPHU _erda |
||
| 049 | _aBNPD | ||
| 082 | 4 |
_bR252j _222 |
|
| 100 | 1 |
_aRavelo de la Fuente, Fernando E., _917532 _eautor |
|
| 245 | 1 | 0 |
_aJurisprudencia del Tribunal de Tierras : _bsentencias del tribunal superior de tierras, y de jurisdicción original en materia posesoria, correspondientes a los años 1939, 1940, 1941, 1942 y 1943 / _cFernando E. Ravelo de la Fuente. |
| 264 | 1 |
_aCiudad Trujillo, República Dominicana : _bLuis Sánchez Andujar, _c1947. |
|
| 300 |
_a808 páginas ; _c23 cm. |
||
| 336 |
_2rdaconten _atexto _btxt |
||
| 337 |
_2rdamedia _asin mediación _bn |
||
| 338 |
_2rdacarrier _avolumen _bnc |
||
| 590 | _aInventarado, 2023/BT | ||
| 910 | _aBtavárez | ||
| 942 |
_2ddc _cLBS1 |
||
| 999 |
_c15761 _d15761 |
||